[Event "World Blitz Women 2023"]
[Site "Samarkand UZB"]
[Date "2023.12.30"]
[Round "12.12"]
[White "Balabayeva, Xeniya"]
[Black "Zhai, Mo"]
[Result "1-0"]
[WhiteElo "2202"]
[BlackElo "2342"]
[EventDate "2023.12.29"]

1. e4 e5 2. Nf3 Nc6 3. Bc4 Bc5 4. O-O Nf6 5. d3 d6 6. a4 a5 7. Nc3 O-O 8.
Bg5 h6 9. Bxf6 Qxf6 10. Nd5 Qd8 11. h3 Ne7 12. Nxe7+ Qxe7 13. c3 Bb6 14.
Qe2 Be6 15. Bxe6 fxe6 16. Rad1 Rf7 17. d4 exd4 18. Nxd4 Raf8 19. e5 d5 20.
Kh2 Kh8 21. g3 Bxd4 22. Rxd4 Rf3 23. Kg2 Qf7 24. Rd3 Rf5 25. f4 Qe8 26.
Rdf3 Qxa4 27. Qe3 R5f7 28. f5 Rxf5 29. Rxf5 exf5 30. e6 Qe4+ 31. Qxe4 dxe4
32. e7 Re8 33. Rxf5 Rxe7 34. Rxa5 e3 35. Ra1 Rf7 36. Rf1 Rd7 37. Kf3 Rd2
38. b4 e2 39. Re1 Rd3+ 40. Kxe2 Rxg3 41. Kd2 Rxh3 42. Re7 c5 43. bxc5 Rh5
44. Rc7 Rd5+ 45. Ke3 h5 46. Ke4 Rg5 47. Kd4 h4 48. Rxb7 h3 49. Rb1 Rg4+ 50.
Kd5 Rg2 51. c6 Rd2+ 52. Kc4 Rd6 53. Kc5 Rd3 54. Rc1 h2 55. c7 Rxc3+ 56.
Rxc3 h1=Q 57. c8=Q+ Kh7 58. Rh3+ 1-0

[Event "World Blitz Women 2023"]
[Site "Samarkand UZB"]
[Date "2023.12.30"]
[Round "12.13"]
[White "Nurgali, Nazerke"]
[Black "Lu, Miaoyi"]
[Result "1/2-1/2"]
[WhiteElo "2068"]
[BlackElo "2284"]
[EventDate "2023.12.29"]

1. d4 Nf6 2. Nf3 e6 3. c4 d5 4. Nc3 c5 5. cxd5 cxd4 6. Nxd4 Nxd5 7. Nxd5
Qxd5 8. e3 Nc6 9. Nxc6 Qxc6 10. Bd2 Be7 11. Rc1 Qd5 12. Qg4 O-O 13. Bc4 Qg5
14. Qxg5 Bxg5 15. O-O b6 16. Bb4 Rd8 17. Bb5 Bb7 18. Rc7 Bd5 19. a3 Bf6 20.
Bc3 Rac8 21. Rxc8 Rxc8 22. Bxf6 gxf6 23. Bd3 f5 24. h3 Kg7 25. Rd1 Kf6 26.
f4 Rg8 27. Rd2 Rg3 28. Re2 Bf3 29. Rd2 Bd5 30. Re2 h5 31. Kh2 h4 32. Kg1 a5
33. Bb5 Bf3 34. Rd2 Be4 35. Re2 Rg8 36. Rd2 Rc8 37. Kf2 Rc1 38. Be2 Rb1 39.
Bf3 Bxf3 40. Kxf3 a4 41. Kf2 Ke7 42. Ke2 1/2-1/2

[Event "World Blitz Women 2023"]
[Site "Samarkand UZB"]
[Date "2023.12.30"]
[Round "12.14"]
[White "Kovanova, Baira"]
[Black "Rudzinska, Michalina"]
[Result "0-1"]
[WhiteElo "2234"]
[BlackElo "2113"]
[EventDate "2023.12.29"]

1. e4 c6 2. d4 d5 3. Nc3 dxe4 4. Nxe4 Nf6 5. Nxf6+ exf6 6. c3 Bd6 7. Bd3
O-O 8. Ne2 Re8 9. O-O Nd7 10. Ng3 Nf8 11. f4 g6 12. f5 Bxg3 13. hxg3 g5 14.
Bc4 Qc7 15. Qf3 b6 16. Be3 Bb7 17. Bf2 c5 18. d5 Qd6 19. g4 Rad8 20. Bg3
Qd7 21. Qf2 b5 22. Be2 Bxd5 23. Rad1 Qc6 24. b3 Be4 25. Rfe1 Nd7 26. Rd2
Ne5 27. Bxb5 Qxb5 28. Rxe4 Qc6 29. Rxd8 Rxd8 30. Ra4 Rd1+ 31. Kh2 Nf3+ 32.
gxf3 Qd7 33. Qg2 Rd2 34. Bf2 Qd6+ 35. Kh3 Qd3 36. Re4 Qc2 37. Kg3 Qxa2 38.
Qf1 Qxb3 39. Qe1 Qxc3 40. Be3 Rg2+ 41. Kxg2 Qxe1 42. Bxc5 Qd2+ 43. Kg3 Qd8
44. Bf2 Qc7+ 45. Kg2 Kg7 46. Ra4 Qb7 47. Rxa7 Qb3 48. Ra6 Qd5 49. Rb6 h5
50. gxh5 g4 51. h6+ Kxh6 52. Rxf6+ Kg7 53. Rb6 Qxf3+ 54. Kg1 g3 55. Bc5
Qxf5 56. Bd4+ Kf8 57. Rb3 Qg4 58. Bc5+ Ke8 59. Re3+ Kd7 60. Kg2 Qc4 61. Bf8
Qd5+ 62. Kxg3 Qg5+ 63. Kf2 f5 64. Rd3+ Ke6 65. Bc5 Qf4+ 66. Ke2 Qg4+ 67.
Kf2 Qc4 68. Re3+ Kf6 69. Be7+ Kf7 70. Bg5 Qg4 71. Rg3 Qe4 72. Be3 Ke6 73.
Rf3 Kd5 74. Kg3 Qb1 75. Kf2 Qc2+ 76. Kg3 Ke6 77. Bf4 Qc4 78. Re3+ Kf6 79.
Kf3 Qd5+ 80. Kg3 Qh1 81. Be5+ Kg6 82. Bf4 Qg1+ 83. Kf3 Qg4+ 0-1

[Event "World Blitz Women 2023"]
[Site "Samarkand UZB"]
[Date "2023.12.30"]
[Round "12.15"]
[White "Kazarian, Anna-Maja"]
[Black "Balajayeva, Khanim"]
[Result "1-0"]
[WhiteElo "2023"]
[BlackElo "2207"]
[EventDate "2023.12.29"]

1. e4 e5 2. Nf3 Nc6 3. Bb5 a6 4. Ba4 Nf6 5. d3 b5 6. Bb3 Be7 7. O-O O-O 8.
Re1 d6 9. c3 Na5 10. Bc2 c5 11. Nbd2 Nc6 12. Nf1 Be6 13. Ng3 Rc8 14. a4 h6
15. axb5 axb5 16. h3 Qd7 17. Qe2 Rfe8 18. Nh2 d5 19. f4 dxe4 20. dxe4 exf4
21. Bxf4 Bd6 22. Red1 Nd4 23. Qf2 Bxf4 24. Qxf4 Nxc2 25. Rxd7 Nxa1 26. Rd1
Nb3 27. Nf3 Rcd8 28. Rf1 Bc4 29. Re1 Be6 30. Ne5 c4 31. Nc6 Rd3 32. Ne2 Bd7
33. Ne5 Rd6 34. Nxd7 Rxd7 35. Ng3 Nc5 36. Rf1 Ncxe4 37. Nf5 Ng5 38. Nxh6+
Kf8 39. Qxg5 Rd5 40. Qf4 Re2 41. Nf5 Rdd2 42. Qb8+ Re8 43. Qf4 Ree2 44. Nh4
Rxb2 45. Qf3 Kg8 46. Rd1 Re8 47. Nf5 Ree2 48. Rd8+ Kh7 49. Qg3 Nh5 50. Qg4
g6 51. Nh4 Re3 52. Qd4 Re1+ 53. Kh2 1-0

[Event "World Blitz Women 2023"]
[Site "Samarkand UZB"]
[Date "2023.12.30"]
[Round "12.16"]
[White "Berend, Elvira"]
[Black "Getman, Tatyana"]
[Result "0-1"]
[WhiteElo "2202"]
[BlackElo "2014"]
[EventDate "2023.12.29"]

1. e4 c5 2. Nf3 d6 3. Bb5+ Nd7 4. O-O a6 5. Bxd7+ Bxd7 6. Re1 Nf6 7. e5
dxe5 8. Nxe5 e6 9. d3 Qc7 10. Nxd7 Qxd7 11. Nc3 Be7 12. Qf3 O-O 13. a4 b6
14. Bg5 Rac8 15. Rad1 h6 16. Bh4 Rfe8 17. Bg3 Qc6 18. Qe2 b5 19. axb5 axb5
20. Ra1 Ra8 21. Be5 Nd7 22. Bf4 Nf6 23. Bd2 b4 24. Ne4 Nxe4 25. dxe4 c4 26.
Qg4 Kf8 27. Qf3 Rxa1 28. Rxa1 Ra8 29. Rb1 Rd8 30. Be3 Qa4 31. Qe2 Qa2 32.
Qe1 c3 33. bxc3 bxc3 34. Rc1 Rc8 35. g3 Ba3 36. Ra1 Qb2 37. Qd1 Be7 38. Ra7
Rd8 39. Qe2 Qb1+ 40. Kg2 Qb8 41. Qc4 Qc8 42. Rc7 Qa8 43. h4 Bf6 44. Qc5+
Kg8 45. Qc4 Re8 46. h5 Qa5 47. g4 Qe5 48. Kf3 Bg5 49. Bxg5 Qxg5 50. Qxc3
Qh4 51. Rc8 Qh3+ 52. Ke2 Qxg4+ 53. Ke3 Qg5+ 54. Kf3 Qxh5+ 55. Ke3 Qh3+ 56.
f3 Rxc8 57. Qxc8+ Kh7 58. Qe8 Qh5 59. c4 Qc5+ 60. Kd3 Qa3+ 61. Ke2 Qb2+ 62.
Ke3 Qc3+ 63. Kf2 Qxc4 64. Qxf7 Qd4+ 65. Kg2 Qd2+ 66. Kf1 Qc1+ 67. Kf2 Qb2+
68. Kf1 Qf6 69. Qh5 Qf4 70. Ke2 Qg5 71. Qh3 Qe5 72. Qg4 Qb2+ 73. Ke1 Qa1+
74. Ke2 Qb2+ 75. Ke1 Qe5 76. Ke2 h5 77. Qh3 Kh6 78. Qh4 g5 79. Qe1 Qb5+ 80.
Ke3 Qb3+ 81. Kd4 Qb2+ 82. Kc5 Qa3+ 83. Kc6 Qxf3 84. Kd6 h4 85. Kxe6 h3 86.
e5 h2 87. Qb4 h1=Q 88. Qe7 0-1

[Event "World Blitz Women 2023"]
[Site "Samarkand UZB"]
[Date "2023.12.30"]
[Round "12.17"]
[White "Kurmangaliyeva, Liya"]
[Black "Bivol, Alina"]
[Result "0-1"]
[WhiteElo "2077"]
[BlackElo "2250"]
[EventDate "2023.12.29"]

1. e4 e6 2. d4 d5 3. e5 c5 4. c3 Nc6 5. Nf3 Bd7 6. Be2 Rc8 7. O-O a6 8. Na3
cxd4 9. cxd4 Bxa3 10. bxa3 Nge7 11. a4 Nb4 12. Qb3 a5 13. a3 Nbc6 14. Qxb7
Rb8 15. Qa6 Rb3 16. Bd1 Rb6 17. Qd3 Bc8 18. Re1 Ba6 19. Qd2 O-O 20. Bc2 h6
21. Qf4 Qc7 22. Qg4 Kh8 23. Qh3 Ng8 24. Be3 Rb2 25. Rac1 Nce7 26. Bd3 Qb7
27. Bxa6 Qxa6 28. Rc7 Qd3 29. Qh4 Nf5 30. Qg4 Qxa3 31. h4 Qxa4 32. Rec1
Nxe3 33. fxe3 Qa3 34. Qf4 Re2 35. R7c3 Qb2 36. Qg4 Ne7 37. Nh2 Nf5 38. Nf1
a4 39. Rc8 Rxc8 40. Rxc8+ Kh7 41. Ra8 a3 42. Qh5 Rxg2+ 43. Kh1 Qf2 0-1

[Event "World Blitz Women 2023"]
[Site "Samarkand UZB"]
[Date "2023.12.30"]
[Round "12.18"]
[White "Voit, Daria"]
[Black "Ovod, Evgenija"]
[Result "1-0"]
[WhiteElo "2215"]
[BlackElo "2151"]
[EventDate "2023.12.29"]

1. d4 d5 2. c4 e6 3. Nf3 Nf6 4. g3 dxc4 5. Bg2 Bd7 6. Ne5 Bc6 7. Nxc6 Nxc6
8. e3 Qd7 9. O-O Rd8 10. Qa4 Nb4 11. Qxd7+ Nxd7 12. Na3 c5 13. dxc5 Nxc5
14. Nxc4 Be7 15. Bd2 Nd5 16. Rfd1 b5 17. Na5 Bf6 18. e4 Ne7 19. e5 Bxe5 20.
Nc6 Nxc6 21. Bxc6+ Ke7 22. Bb4 Bd6 23. Rac1 Na6 24. Bxd6+ Rxd6 25. Rxd6
Kxd6 26. Bxb5 Nb4 27. a3 Nd5 28. Rc6+ Ke5 29. Ra6 Rb8 30. a4 Nc7 31. Rxa7
Nxb5 32. axb5 Kf6 33. Ra5 e5 34. Kf1 Kf5 35. Ke2 f6 36. h3 h5 37. Kd3 g5
38. Kc4 Ke4 39. Ra3 f5 40. Re3# 1-0

[Event "World Blitz Women 2023"]
[Site "Samarkand UZB"]
[Date "2023.12.30"]
[Round "12.19"]
[White "Yu, Jennifer"]
[Black "Franco Valencia, Angela"]
[Result "1-0"]
[WhiteElo "2197"]
[BlackElo "2048"]
[EventDate "2023.12.29"]

1. c4 e5 2. Nc3 Nf6 3. g3 d5 4. cxd5 Nxd5 5. Bg2 Ne7 6. Nf3 Nbc6 7. O-O g6
8. d3 Bg7 9. Rb1 a5 10. a3 O-O 11. b4 axb4 12. axb4 h6 13. b5 Nd4 14. Nxd4
exd4 15. Ne4 Nd5 16. Bb2 c6 17. bxc6 bxc6 18. Qc2 Bd7 19. Nc5 Bf5 20. Rfc1
Qe7 21. Ne4 Bd7 22. Qc4 Nb6 23. Qc5 Qxc5 24. Nxc5 Bg4 25. Bxc6 Rac8 26. Bb7
Rc7 27. f3 Bf5 28. Be4 Bxe4 29. fxe4 h5 30. e3 dxe3 31. Bxg7 Rfc8 32. Rxb6
Rxc5 33. Rxc5 Rxc5 34. Bd4 Rc1+ 35. Kg2 e2 36. Rb8+ 1-0

[Event "World Blitz Women 2023"]
[Site "Samarkand UZB"]
[Date "2023.12.30"]
[Round "12.20"]
[White "Druzhinina, Olga"]
[Black "Mamedjarova, Turkan"]
[Result "1-0"]
[WhiteElo "2055"]
[BlackElo "2175"]
[EventDate "2023.12.29"]

1. e4 e5 2. d4 exd4 3. Qxd4 Nc6 4. Qc4 d6 5. Nc3 Be6 6. Qb5 Rb8 7. Be3 a6
8. Qe2 g6 9. O-O-O Bg7 10. Qd2 Nf6 11. f3 O-O 12. Nge2 Ne5 13. Nf4 b5 14.
Kb1 b4 15. Ncd5 Bxd5 16. Nxd5 Nxd5 17. Qxd5 Qd7 18. h4 Rfd8 19. h5 c6 20.
Qd2 Qe6 21. hxg6 hxg6 22. Bh6 Bh8 23. Bg5 Rd7 24. Be2 Bg7 25. Qf4 d5 26.
Bh6 Bh8 27. Qh4 dxe4 28. Rxd7 Nxd7 29. Bf4 Be5 30. fxe4 Re8 31. Bg4 Qf6 32.
Qh7+ Kf8 33. Bxd7 Qxf4 34. Bxe8 Kxe8 35. Qh4 Qd2 36. Qe1 Qd4 37. Qc1 a5 38.
Re1 Qxe4 39. Rxe4 1-0

[Event "World Blitz Women 2023"]
[Site "Samarkand UZB"]
[Date "2023.12.30"]
[Round "12.21"]
[White "Poliakova, Varvara"]
[Black "Zhu, Chen"]
[Result "1-0"]
[WhiteElo "2049"]
[BlackElo "2379"]
[EventDate "2023.12.29"]

1. e4 d6 2. d4 Nf6 3. Nc3 e5 4. Nf3 Nbd7 5. Bc4 Be7 6. O-O O-O 7. Re1 c6 8.
a4 b6 9. h3 Bb7 10. Ba2 a6 11. Be3 b5 12. axb5 axb5 13. Qd3 exd4 14. Bxd4
b4 15. Ne2 c5 16. Bxf6 Bxf6 17. c3 Ne5 18. Nxe5 dxe5 19. Bd5 Rxa1 20. Rxa1
Bxd5 21. exd5 Qd6 22. c4 g6 23. Ng3 Bg7 24. Ne4 Qb6 25. Qe3 Rc8 26. Rd1 f5
27. Ng5 e4 28. b3 Bd4 29. Qe2 Ra8 30. Ne6 Bc3 31. Qe3 Bd4 32. Nxd4 cxd4 33.
Qxd4 Qxd4 34. Rxd4 Kf7 35. c5 Ke7 36. Rxb4 Ra1+ 37. Kh2 Rc1 38. Rb7+ Kf6
39. c6 Ke5 40. Rd7 Rc2 41. c7 f4 42. d6 e3 43. fxe3 f3 44. Rd8 f2 45. c8=Q
Rxc8 46. Rxc8 f1=Q 47. d7 Kd5 1-0

[Event "World Blitz Women 2023"]
[Site "Samarkand UZB"]
[Date "2023.12.30"]
[Round "12.22"]
[White "Guichard, Pauline"]
[Black "Hamrakulova, Yulduz"]
[Result "0-1"]
[WhiteElo "2281"]
[BlackElo "1908"]
[EventDate "2023.12.29"]

1. d4 Nf6 2. g3 e6 3. Bg2 d5 4. Nf3 c5 5. O-O Nc6 6. b3 cxd4 7. Nxd4 e5 8.
Nxc6 bxc6 9. c4 Bb7 10. Nc3 Bb4 11. Bb2 O-O 12. a3 Bxc3 13. Bxc3 d4 14. Bb2
Qb6 15. Qd3 c5 16. e4 Rab8 17. Bc1 Bc6 18. Rb1 a5 19. Bg5 Nd7 20. f4 f6 21.
Bh4 a4 22. b4 cxb4 23. axb4 Bb7 24. Bh3 Rfd8 25. Bxd7 Rxd7 26. fxe5 fxe5
27. Rf5 Rf8 28. c5 Qc7 29. Qc4+ Rdf7 30. Rbf1 Bxe4 31. Rxf7 Rxf7 32. b5 Bg6
33. c6 d3 34. Rxf7 Qxf7 35. Qxf7+ Kxf7 36. Bg5 Ke6 37. b6 Kd6 38. b7 Kc7
39. Be7 d2 40. Bd8+ Kxc6 41. b8=Q d1=Q+ 42. Kf2 Qc2+ 43. Ke3 Qb3+ 44. Qxb3
axb3 45. Kd2 b2 0-1

[Event "World Blitz Women 2023"]
[Site "Samarkand UZB"]
[Date "2023.12.30"]
[Round "12.23"]
[White "Shohradova, Lala"]
[Black "Yakubbaeva, Nilufar"]
[Result "0-1"]
[WhiteElo "1983"]
[BlackElo "2237"]
[EventDate "2023.12.29"]

1. d4 Nf6 2. c4 e6 3. Nc3 Bb4 4. Nf3 b6 5. g3 Ba6 6. Qb3 Bxc3+ 7. bxc3 O-O
8. Bg2 d5 9. cxd5 exd5 10. Qc2 Nbd7 11. O-O Re8 12. Re1 c5 13. Bf4 Rc8 14.
Qb2 Ne4 15. e3 g5 16. Nxg5 Nxg5 17. Bxd5 Ne6 18. Qa3 Bd3 19. Qxa7 Nxf4 20.
exf4 Rb8 21. dxc5 bxc5 22. Red1 Bf5 23. Bc6 Re7 24. Rd5 Be6 25. Rg5+ Kh8
26. Rd1 f6 27. Rh5 Bg4 28. Rhd5 Bxd1 29. Rxd1 Qb6 30. Rxd7 Qxa7 31. Rxa7
Rxa7 32. a4 Rb3 33. Bb5 Rxc3 34. Kg2 Ra3 35. h4 R7xa4 0-1

[Event "World Blitz Women 2023"]
[Site "Samarkand UZB"]
[Date "2023.12.30"]
[Round "12.24"]
[White "Strutinskaia, Galina"]
[Black "Kurbonboeva, Sarvinoz"]
[Result "0-1"]
[WhiteElo "2174"]
[BlackElo "2054"]
[EventDate "2023.12.29"]

1. d4 f5 2. Bg5 Nf6 3. Bxf6 exf6 4. e3 d5 5. c4 c6 6. Nc3 Be6 7. cxd5 Bxd5
8. Nf3 Be7 9. Bd3 Be6 10. Qc2 Qd7 11. g3 O-O 12. Nh4 g6 13. O-O Kg7 14. Ng2
c5 15. dxc5 Bxc5 16. Rfd1 Qe7 17. Nf4 Nc6 18. a3 Ne5 19. Nxe6+ Qxe6 20. Be2
Rac8 21. Qa4 a6 22. Rac1 Rfd8 23. Rxd8 Rxd8 24. Rd1 Rxd1+ 25. Qxd1 Qd6 26.
Qxd6 Bxd6 27. Kf1 Kf7 28. h4 Ke6 29. Bd1 Nd3 30. b4 Be5 31. Bb3+ Kd6 32.
Ne2 Bb2 33. b5 axb5 34. Bg8 h6 35. Bh7 g5 36. Bxf5 Ne5 37. f4 Nc4 38. Kf2
Bxa3 39. Nd4 b4 40. fxg5 fxg5 41. hxg5 hxg5 42. Nf3 Bc1 43. Bd3 Nxe3 44.
Ke2 Nd5 45. Bc4 Nc3+ 46. Kd3 Kc5 47. Bb3 b5 48. Ne5 Kd6 49. Nf3 Kc5 50. Ne5
Kd6 51. Nf3 Na4 52. Kc2 Be3 53. Kd3 Bf2 54. g4 Bh4 55. Nd2 Nc5+ 56. Kc2 Ke5
57. Bf7 Kf4 58. Bh5 Be1 59. Nb1 b3+ 60. Kb2 Bf2 61. Ka3 Bd4 62. Kb4 b2 63.
Kxb5 Ne4 64. Kc4 Bg7 65. Bg6 Nf2 0-1

[Event "World Blitz Women 2023"]
[Site "Samarkand UZB"]
[Date "2023.12.30"]
[Round "12.25"]
[White "Soumya, Swaminathan"]
[Black "Aktamova, Zilola"]
[Result "1-0"]
[WhiteElo "2154"]
[BlackElo "1671"]
[EventDate "2023.12.29"]

1. e4 c5 2. Nf3 d6 3. d4 cxd4 4. Nxd4 Nf6 5. Nc3 a6 6. h3 Bd7 7. g4 h6 8.
Rg1 Nc6 9. Be3 g5 10. Nf5 Bxf5 11. gxf5 b5 12. a4 b4 13. Nd5 Nxd5 14. Qxd5
Ne5 15. O-O-O Bg7 16. Rg3 Qc8 17. h4 g4 18. h5 Rg8 19. Be2 Bf8 20. a5 e6
21. fxe6 fxe6 22. Qb3 Rb8 23. Bf4 Qc5 24. Qxe6+ Kd8 25. Qxg8 Kc7 26. Bxe5
Qxe5 27. Qf7+ Be7 28. Qf5 Qh8 29. Bxg4 Rd8 30. e5 Bg5+ 31. Kb1 dxe5 32.
Rd7+ Kb8 33. Rgd3 e4 34. Rxd8+ Bxd8 35. Qc8+ Ka7 36. Rd7+ 1-0

[Event "World Blitz Women 2023"]
[Site "Samarkand UZB"]
[Date "2023.12.30"]
[Round "12.26"]
[White "Kairbekova, Amina"]
[Black "Kaliakhmet, Elnaz"]
[Result "0-1"]
[WhiteElo "2131"]
[BlackElo "1839"]
[EventDate "2023.12.29"]

1. e4 c5 2. Nf3 Nc6 3. Bb5 Nf6 4. Nc3 Qc7 5. O-O Nd4 6. e5 Nxf3+ 7. Qxf3
Qxe5 8. d3 e6 9. Bf4 Qh5 10. Qg3 Qg6 11. Qe3 Be7 12. Ne4 Nd5 13. Qd2 Nxf4
14. Qxf4 a6 15. Ba4 b5 16. Bb3 Bb7 17. a4 O-O 18. axb5 axb5 19. Ng3 d6 20.
Rfe1 Qf6 21. Qg4 Qg6 22. Qe2 Bf6 23. Rxa8 Rxa8 24. c3 Qg5 25. Bxe6 fxe6 26.
Qxe6+ Kf8 27. Qxd6+ Be7 28. Qd7 Bc8 29. Qxb5 Qd5 30. c4 Qd7 31. Qb3 Bb7 32.
h3 Qc6 33. Ne4 Kg8 34. Re3 Bf6 35. Nxf6+ gxf6 36. Rg3+ Kf7 37. Qc2 Ra1+ 38.
Kh2 Rf1 39. d4 cxd4 40. Qxh7+ Ke6 41. Qg8+ Kd6 42. c5+ Kxc5 43. Qf8+ Qd6
44. b4+ Kc6 45. b5+ Kc5 46. Qf7 Bd5 47. Qe8 Rxf2 48. Qc8+ Kb4 49. h4 Rxg2+
0-1

[Event "World Blitz Women 2023"]
[Site "Samarkand UZB"]
[Date "2023.12.30"]
[Round "12.27"]
[White "Yan, Tianqi"]
[Black "Zhunusbekova, Aimonchok"]
[Result "0-1"]
[WhiteElo "2086"]
[BlackElo "1448"]
[EventDate "2023.12.29"]

1. e4 e6 2. d4 d5 3. Nd2 c5 4. exd5 Qxd5 5. Ngf3 cxd4 6. Bc4 Qd6 7. O-O Nc6
8. Nb3 Bd7 9. Nbxd4 Nxd4 10. Nxd4 Nf6 11. c3 h6 12. Qf3 O-O-O 13. Be3 Qc7
14. Bb5 a6 15. Bxd7+ Rxd7 16. a4 Bd6 17. h3 Nd5 18. b4 g5 19. b5 a5 20. c4
Nxe3 21. fxe3 h5 22. Qf6 Rg8 23. c5 Be5 24. Qh6 g4 25. c6 Rxd4 26. exd4
Bxd4+ 27. Kh1 Bxa1 28. Rxa1 gxh3 29. Rc1 Qg3 30. Qd2 hxg2+ 31. Kg1 Rd8 32.
cxb7+ Kxb7 33. Qxd8 Qe3+ 34. Kxg2 Qxc1 35. Qd7+ Qc7 36. Qd4 Qc2+ 37. Kh3
Qf5+ 38. Kh2 Qc2+ 39. Kg1 Qc1+ 40. Kf2 Qc2+ 41. Kf3 Qf5+ 42. Ke3 Qg5+ 43.
Kf2 Qf5+ 44. Kg2 Qd5+ 45. Qxd5+ exd5 46. Kg3 Kb6 47. Kf4 Kc5 48. Ke5 h4 0-1

[Event "World Blitz Women 2023"]
[Site "Samarkand UZB"]
[Date "2023.12.30"]
[Round "12.28"]
[White "Shohradova, Leyla"]
[Black "Ovezdurdyyeva, Jemal"]
[Result "1-0"]
[WhiteElo "1882"]
[BlackElo "2086"]
[EventDate "2023.12.29"]

1. d4 Nf6 2. c4 g6 3. Nc3 Bg7 4. e4 d6 5. Be2 Nbd7 6. Be3 e5 7. d5 Nc5 8.
f3 a5 9. Qd2 a4 10. Bxc5 dxc5 11. O-O-O O-O 12. g4 Ne8 13. h4 Nd6 14. h5
Bf6 15. Kb1 Bg5 16. Qd3 Bf6 17. hxg6 fxg6 18. Nh3 Bd7 19. Qe3 Qe7 20. g5
Bh8 21. Nf2 Nf7 22. Rdg1 b6 23. Ng4 Bxg4 24. Rxg4 Nd6 25. Rgh4 Rf7 26. Nd1
a3 27. b3 Rb8 28. Nf2 b5 29. cxb5 Nxb5 30. Bxb5 Rxb5 31. Ng4 Kf8 32. Qe2
Rb4 33. Qa6 Rb8 34. Qe2 Qxg5 35. Rxh7 Rxh7 36. Rxh7 Bg7 37. Rh1 Qf4 38. Rf1
Rb4 39. Nf2 c4 40. Qe1 Rb6 41. Nh3 Qf6 42. f4 cxb3 43. fxe5 bxa2+ 44. Kxa2
Rb2+ 45. Kxa3 1-0

[Event "World Blitz Women 2023"]
[Site "Samarkand UZB"]
[Date "2023.12.30"]
[Round "12.29"]
[White "Allahverdiyeva, Ayan"]
[Black "Hajiyeva, Laman"]
[Result "1-0"]
[WhiteElo "1852"]
[BlackElo "2076"]
[EventDate "2023.12.29"]

1. e4 e5 2. Nf3 Nc6 3. Bb5 a6 4. Ba4 Nf6 5. O-O Be7 6. d3 b5 7. Bb3 O-O 8.
a4 Rb8 9. axb5 axb5 10. Nc3 d6 11. h3 Be6 12. Nd5 Qd7 13. c3 Ra8 14. Nxe7+
Nxe7 15. Rxa8 Rxa8 16. Bg5 Ne8 17. d4 Bxb3 18. Qxb3 exd4 19. Nxd4 Rb8 20.
Bxe7 1-0

[Event "World Blitz Women 2023"]
[Site "Samarkand UZB"]
[Date "2023.12.30"]
[Round "12.30"]
[White "Nadirjanova, Nodira"]
[Black "Tohirjonova, Hulkar"]
[Result "0-1"]
[WhiteElo "2164"]
[BlackElo "2144"]
[EventDate "2023.12.29"]

1. d4 Nf6 2. g3 e6 3. c4 d5 4. Nf3 Be7 5. Bg2 O-O 6. O-O dxc4 7. Ne5 Nc6 8.
Nxc6 bxc6 9. Bxc6 Rb8 10. e3 Bb7 11. Bxb7 Rxb7 12. Qc2 Qd5 13. Nd2 Qh5 14.
Nxc4 c5 15. b3 Rc8 16. f3 h6 17. Qg2 cxd4 18. exd4 Nd5 19. Ne3 Rbc7 20.
Nxd5 Qxd5 21. Be3 Bf6 22. Rad1 Qa5 23. Rf2 Qa3 24. Rfd2 a5 25. h4 a4 26.
bxa4 Qxe3+ 27. Kh2 Qa3 28. d5 exd5 29. Rxd5 Rc2 30. R1d2 Rxd2 31. Rxd2 Qxa4
32. Qh3 Qc6 33. Qf5 Re8 34. h5 Qe6 35. Qd3 Qe3 36. Qc2 Qxf3 37. Qa4 Re2+
38. Rxe2 Qxe2+ 39. Kg1 Bg5 40. Qa8+ Kh7 41. Qa4 Be3+ 42. Kh1 Qf3+ 43. Kh2
Qxh5+ 44. Kg2 Qd5+ 45. Kh3 Bg5 46. Qc2+ g6 47. Kh2 h5 48. a4 Bd8 49. Kh3
Qh1+ 50. Qh2 Qxh2+ 51. Kxh2 Kg7 0-1

[Event "World Blitz Women 2023"]
[Site "Samarkand UZB"]
[Date "2023.12.30"]
[Round "12.31"]
[White "Malikova, Marjona"]
[Black "Yakimova, Mariya"]
[Result "0-1"]
[WhiteElo "1730"]
[BlackElo "2098"]
[EventDate "2023.12.29"]

1. d4 Nf6 2. c4 g6 3. Nc3 Bg7 4. e4 d6 5. Be2 O-O 6. Be3 e5 7. d5 Na6 8. g4
Nc5 9. f3 h5 10. Bg5 a5 11. gxh5 Qe8 12. hxg6 fxg6 13. Qd2 Nh5 14. O-O-O
Kh7 15. h4 Nf4 16. Bxf4 exf4 17. Nh3 Bxh3 18. Rxh3 Qe5 19. h5 g5 20. h6 Bf6
21. Nb5 Rfc8 22. Nd4 a4 23. Kb1 a3 24. b4 Na4 25. Kc2 c5 26. Nb5 cxb4 27.
Qxb4 Rc5 28. Rd3 Qa1 29. Rb3 Qxa2+ 30. Kd1 Qa1+ 31. Kd2 a2 32. e5 Qxe5 33.
Bd3+ Kh8 34. Ra3 a1=Q 35. Rxa1 Qxa1 36. Nxd6 Bc3+ 37. Qxc3+ Qxc3+ 38. Ke2
Qe5+ 39. Ne4 Nc3+ 0-1

[Event "World Blitz Women 2023"]
[Site "Samarkand UZB"]
[Date "2023.12.30"]
[Round "12.32"]
[White "Altynbek, Aiaru"]
[Black "Khamrakulova, Iroda"]
[Result "1-0"]
[WhiteElo "1641"]
[BlackElo "2132"]
[EventDate "2023.12.29"]

1. d4 d5 2. c4 e6 3. Nf3 Nf6 4. g3 dxc4 5. Bg2 Be7 6. O-O O-O 7. Ne5 c5 8.
e3 cxd4 9. exd4 Nd5 10. Nxc4 Nc6 11. Nc3 Nb6 12. Nxb6 Qxb6 13. d5 exd5 14.
Nxd5 Qd8 15. Bf4 Bf5 16. Nxe7+ Qxe7 17. Bd6 Qf6 18. Bxf8 Rxf8 19. Qb3 Na5
20. Qb5 b6 21. b4 Rd8 22. bxa5 Bd3 23. Qc6 Bxf1 24. Qxf6 gxf6 25. Kxf1 bxa5
26. Ke2 Kg7 27. Rb1 Rd4 28. Ke3 Ra4 29. Rb2 Ra3+ 30. Kd4 f5 31. Kc5 Kf6 32.
Re2 h5 33. Kb5 Kg6 34. Bd5 Rd3 35. Bc4 Rd6 36. Kxa5 f6 37. a4 f4 38. gxf4
Kf5 39. Kb5 Kxf4 40. a5 Kf3 41. a6 Rd4 42. Re6 f5 43. Rf6 f4 44. Kc5 Rd2
45. Bd5+ Kxf2 46. Rxf4+ Kg1 47. h4 Kh2 48. Bb7 Kg3 49. Rb4 Rc2+ 50. Kd6 Rf2
51. Kc7 Rf4 52. Rxf4 Kxf4 53. Kb8 Kg4 54. Kxa7 Kxh4 55. Kb8 Kg3 56. a7 h4
57. a8=Q h3 58. Bh1 1-0

[Event "World Blitz Women 2023"]
[Site "Samarkand UZB"]
[Date "2023.12.30"]
[Round "12.33"]
[White "Karimova, Guldona"]
[Black "Khamrakulova, Shakhnoza"]
[Result "1-0"]
[WhiteElo "1547"]
[BlackElo "2086"]
[EventDate "2023.12.29"]

1. e4 c5 2. Nf3 e6 3. d4 cxd4 4. Nxd4 a6 5. c4 Qc7 6. Nc3 Nc6 7. Nb3 Nf6 8.
Be3 Be7 9. f3 O-O 10. Be2 b6 11. O-O Bb7 12. Rc1 Rad8 13. Na4 Qe5 14. Bxb6
Rc8 15. Be3 d5 16. cxd5 exd5 17. Nac5 dxe4 18. f4 Qb8 19. Nxa6 Qa8 20. Nac5
Rfd8 21. Qe1 Bxc5 22. Nxc5 Rc7 23. Qf2 Nd5 24. Rfd1 Nxe3 25. Rxd8+ Nxd8 26.
Qxe3 1-0

[Event "World Blitz Women 2023"]
[Site "Samarkand UZB"]
[Date "2023.12.30"]
[Round "12.34"]
[White "Naisanga, Sheba Valentine"]
[Black "Zaksaite, Salomeja"]
[Result "0-1"]
[WhiteElo "1358"]
[BlackElo "2065"]
[EventDate "2023.12.29"]

1. d4 g6 2. c4 Bg7 3. g3 Nf6 4. Bg2 d5 5. Nf3 O-O 6. b3 dxc4 7. bxc4 c5 8.
Bb2 Ne4 9. O-O Nc6 10. e3 Qb6 11. Qe2 Rd8 12. Rd1 Bg4 13. Nc3 Nxc3 14. Bxc3
Qa6 15. h3 Bxf3 16. Bxf3 cxd4 17. exd4 e6 18. a3 Nxd4 19. Bxd4 Bxd4 20. Ra2
Qd6 21. Kg2 Rab8 22. a4 Qc5 23. Rad2 b6 24. Rd3 Rbc8 0-1